Kanum Kanathirikkilla/ (Record no. 22840)

000 -LEADER
fixed length control field 00378nam a22001451a 4500
082 ## - DEWEY DECIMAL CLASSIFICATION NUMBER
Classification number M3 JOH KAN
Item number N99
100 ## - MAIN ENTRY--AUTHOR NAME
Personal name John Chempil
245 ## - TITLE STATEMENT
Title Kanum Kanathirikkilla/
Statement of responsibility, etc by John Chempil
260 ## - PUBLICATION, DISTRIBUTION, ETC. (IMPRINT)
Place of publication Kottayam:
Name of publisher Janapriya Pusthakaprasadhanasala,.
Year of publication 1999.
300 ## - PHYSICAL DESCRIPTION
Number of Pages 192p.
650 ## - SUBJECT ADDED ENTRY--TOPICAL TERM
Topical Term Novel Malayalam
650 ## - SUBJECT ADDED ENTRY--TOPICAL TERM
Topical Term Literature Malayalam
650 ## - SUBJECT ADDED ENTRY--TOPICAL TERM
Topical Term Literature
942 ## - ADDED ENTRY ELEMENTS (KOHA)
Koha item type Book
Holdings
Withdrawn status Lost status Damaged status Not for loan Permanent Location Current Location Date acquired Cost, normal purchase price Full call number Accession Number Cost, replacement price Price effective from Koha item type
Write off   Damaged 1 Sree Sankaracharya University of Sanskrit Sree Sankaracharya University of Sanskrit 08.01.2015 55.00 M3 JOH KAN N99 025515 0.00 08.01.2015 Book